| 000 | 00373nam a2200145Ia 4500 | ||
|---|---|---|---|
| 008 | 240624s9999 xx 000 0 und d | ||
| 041 | _aeng | ||
| 082 | _a302.35 ROB | ||
| 100 | _aROBBINS STEPHEN P | ||
| 245 | _aESSENTIALS OF ORGANIZATIONAL BEHAVIOR | ||
| 250 | _a(7th ed.) | ||
| 260 |
_c2003 _aNew Delhi _bPrentice-Hall |
||
| 300 | _axx, : 300 : p. : cm. ; 24 | ||
| 365 | _cRS | ||
| 999 |
_c343 _d343 |
||